[Event "Challenge"]
[Site "http://www.queenalice.com/game.php?id=1811659"]
[Date "2023.5.11"]
[Round "-"]
[White "jpribeiro"]
[Black "Rog3rJJ"]
[Result "0-1"]
[WhiteElo "1979"]
[BlackElo "2257"]

1. e4 d5 2. exd5 Nf6 3. c4 c6 4. Nc3 cxd5 5. cxd5 Nxd5 6. Nxd5 Qxd5 7. d4 Nc6 8.
Nf3 Bg4 9. Be2 Rd8 10. Be3 g6 11. h3 Bxf3 12. Bxf3 Qc4 13. Be2 Qb4+ 14. Qd2
Qxd2+ 15. Kxd2 e5 16. Kc2 exd4 17. Bd2 Bg7 18. Bb5 O-O 19. Bg5 Rd5 20. Bxc6 Rc8
21. Bd2 d3+ 22. Kb3 Rxc6 23. a4 Rc2 0-1

[Event "Challenge"]
[Site "http://www.queenalice.com/game.php?id=1811986"]
[Date "2023.5.15"]
[Round "-"]
[White "jpribeiro"]
[Black "Rog3rJJ"]
[Result "0-1"]
[WhiteElo "1996"]
[BlackElo "2227"]

1. e4 e5 2. Nc3 h5 3. d4 exd4 4. Qxd4 Nc6 5. Qd1 a6 6. f4 Bc5 7. Nf3 d6 8. a3
Bg4 9. h3 Bxf3 10. Qxf3 Nd4 11. Qd1 Qh4+ 12. Kd2 Qxf4+ 13. Kd3 Qg3+ 14. Be3 Nxc2
15. Kxc2 Qxe3 16. Qd3 Qxd3+ 17. Bxd3 c6 18. Na4 Ba7 19. Rae1 b5 20. Nc3 Bd4 21.
Ne2 Be5 22. Rhf1 Nf6 23. g3 c5 24. b3 Rc8 25. Kd2 c4 26. bxc4 bxc4 27. Bc2 Ke7
28. Ke3 g5 29. Rd1 Rb8 30. Rb1 Rhd8 31. Rxb8 Rxb8 32. Nd4 Bxd4+ 33. Kxd4 Rb2 34.
Kc3 Ra2 35. Rc1 Rxa3+ 36. Kxc4 Rxg3 37. Rh1 Nd7 38. Bd1 g4 39. hxg4 hxg4 40. Bc2
Ne5+ 41. Kb4 Re3 42. Ka5 g3 43. Kxa6 g2 0-1

[Event "Challenge"]
[Site "http://www.queenalice.com/game.php?id=1812812"]
[Date "2023.5.30"]
[Round "-"]
[White "jpribeiro"]
[Black "Rog3rJJ"]
[Result "1/2-1/2"]
[WhiteElo "2129"]
[BlackElo "2280"]

1. e4 e5 2. Nc3 Nf6 3. f4 d5 4. fxe5 Nxe4 5. Nf3 Bg4 6. Qe2 Nc6 7. Nxe4 Nd4 8.
Qd3 Bxf3 9. gxf3 dxe4 10. Qxe4 Qh4+ 11. Qxh4 Nxf3+ 12. Kf2 Nxh4 13. d4 Rd8 14.
c3 c5 15. Bg5 Be7 16. Bxe7 Kxe7 17. Rd1 Ng6 18. Bc4 a6 19. Rhe1 b5 20. Bb3 c4
21. Bc2 Nf4 22. Kf3 Nd5 23. a3 Rhf8 24. Be4 Ke6 25. Rg1 g6 26. Bxd5+ 1/2-1/2

[Event "Challenge"]
[Site "http://www.queenalice.com/game.php?id=1813629"]
[Date "2023.6.11"]
[Round "-"]
[White "jpribeiro"]
[Black "Rog3rJJ"]
[Result "0-1"]
[WhiteElo "2197"]
[BlackElo "2195"]

1. e4 e5 2. Nc3 Nf6 3. f4 d5 4. fxe5 Nxe4 5. Nf3 Bg4 6. d3 Nxc3 7. bxc3 c5 8. d4
c4 9. Be2 Be7 10. O-O O-O 11. h3 Bf5 12. Bd3 cxd3 13. cxd3 Qc7 14. Bb2 Qb6 15.
Qd2 Nc6 16. g4 Bg6 17. Rab1 Qa6 18. Ne1 Bh4 19. Ng2 Be7 20. Nf4 Bg5 21. Qg2 Bxf4
22. Rxf4 Bxd3 23. Re1 Be4 24. Qf2 Qxa2 25. Ra1 Qb3 26. e6 fxe6 27. Rf1 Rxf4 28.
Qxf4 h6 29. Qf7+ Kh7 30. Rf2 Nxd4 31. cxd4 Qg3+ 32. Kf1 Qxh3+ 33. Ke1 Qh1+ 34.
Ke2 Rc8 35. Rf1 Qg2+ 36. Rf2 Rc2+ 37. Ke3 Qg3+ 0-1

[Event "Challenge"]
[Site "http://www.queenalice.com/game.php?id=1813678"]
[Date "2023.6.11"]
[Round "-"]
[White "jpribeiro"]
[Black "Rog3rJJ"]
[Result "1-0"]
[WhiteElo "2128"]
[BlackElo "2267"]

1. e4 b6 2. d4 e6 3. f4 Bb7 4. Bd3 Nf6 5. Nc3 Bb4 6. Bd2 Bxc3 7. Bxc3 Bxe4 8.
Bxe4 Nxe4 9. Bb4 Qh4+ 10. g3 Nxg3 11. Nf3 Qh3 12. Rg1 Nf5 13. Qe2 Nc6 14. Bc3
Nce7 15. Bd2 f6 16. Qe4 Kf7 17. Qd3 Nd5 18. c4 Nde3 19. Bxe3 Qxf3 20. Kd2 Qxe3+
21. Qxe3 Nxe3 22. Kxe3 1-0

[Event "Challenge"]
[Site "http://www.queenalice.com/game.php?id=1813926"]
[Date "2023.6.13"]
[Round "-"]
[White "jpribeiro"]
[Black "Rog3rJJ"]
[Result "0-1"]
[WhiteElo "1952"]
[BlackElo "2261"]

1. e4 e5 2. Nf3 Nc6 3. Bb5 Nf6 4. Bxc6 dxc6 5. d3 Bc5 6. Nxe5 Qd4 7. Be3 Qxe5 8.
d4 Qxe4 9. dxc5 Qxg2 10. Kd2 Bg4 11. Qf1 Ne4+ 12. Ke1 Qf3 13. Nd2 Nxd2 14. Bxd2
O-O-O 0-1

[Event "Challenge"]
[Site "http://www.queenalice.com/game.php?id=1813927"]
[Date "2023.6.13"]
[Round "-"]
[White "Rog3rJJ"]
[Black "jpribeiro"]
[Result "1/2-1/2"]
[WhiteElo "2275"]
[BlackElo "2134"]

1. c4 c5 2. Nc3 Nc6 3. g3 Nf6 4. Bg2 e5 5. Nf3 Be7 6. O-O O-O 7. d3 h6 8. Nd2 d6
9. Nde4 Nxe4 10. Bxe4 f5 11. Bd5+ Kh7 12. f4 a6 13. e3 Bd7 14. a3 exf4 1/2-1/2

[Event "Challenge"]
[Site "http://www.queenalice.com/game.php?id=1813931"]
[Date "2023.6.13"]
[Round "-"]
[White "jpribeiro"]
[Black "Rog3rJJ"]
[Result "1/2-1/2"]
[WhiteElo "1986"]
[BlackElo "2234"]

1. e4 Nc6 2. d4 d5 3. exd5 Qxd5 4. Nf3 Bg4 5. Be2 e6 6. h3 Bh5 7. O-O Nf6 8. c4
Qd7 9. g4 Bg6 10. a3 Be7 11. Nc3 Rd8 12. Ne5 Nxe5 13. dxe5 Qc6 14. Qa4 Qxa4 15.
Nxa4 Ne4 16. Be3 O-O 17. Rad1 c6 18. Rxd8 Rxd8 19. Kg2 f5 20. b3 b6 21. gxf5
Bxf5 22. b4 Nd2 23. Rd1 Bc2 24. Rxd2 Rxd2 25. Bxd2 Bxa4 26. Kf1 1/2-1/2

[Event "Challenge"]
[Site "http://www.queenalice.com/game.php?id=1814006"]
[Date "2023.6.15"]
[Round "-"]
[White "jpribeiro"]
[Black "Rog3rJJ"]
[Result "1-0"]
[WhiteElo "2081"]
[BlackElo "2216"]

1. e4 c5 2. Nf3 Nc6 3. Bb5 g6 4. d4 cxd4 5. Nxd4 Bg7 6. Be3 Qb6 7. Bxc6 Qxb2 8.
Nb3 dxc6 9. Bd4 Bxd4 10. Qxd4 Qxd4 11. Nxd4 e5 12. Nf3 f6 13. h3 Be6 14. O-O
O-O-O 15. Nbd2 Ne7 16. c4 Rd3 17. Rac1 Rhd8 18. Rc2 g5 19. Nb3 b6 20. Ne1 Rd1
21. Nf3 Ng6 22. Nbd2 Rxf1+ 23. Kxf1 c5 24. Ne1 h5 25. Kg1 Nf4 26. Nef3 Bd7 27.
Nf1 Ba4 28. Rd2 Bd1 29. Rxd8+ Kxd8 30. N3d2 Ne2+ 31. Kh2 Nc3 32. Ne3 Be2 33. a3
a6 34. f3 b5 35. cxb5 axb5 36. Nb3 Na4 37. Nc1 Nc3 38. Nxe2 Nxe2 39. g4 hxg4 40.
hxg4 c4 41. Kg2 c3 42. Kf2 Nd4 43. Ke1 Nxf3+ 44. Ke2 Nd2 45. Kd3 Nb1 46. Kc2
Nxa3+ 47. Kxc3 Nb1+ 48. Kc2 Na3+ 49. Kb2 Nc4+ 50. Nxc4 bxc4 51. Kc3 1-0

[Event "Challenge"]
[Site "http://www.queenalice.com/game.php?id=1814007"]
[Date "2023.6.15"]
[Round "-"]
[White "Rog3rJJ"]
[Black "jpribeiro"]
[Result "1-0"]
[WhiteElo "2282"]
[BlackElo "2051"]

1. e4 e5 2. f4 exf4 3. d4 Bb4+ 4. Nc3 Ne7 5. Bxf4 O-O 6. Bd3 Ng6 7. Bd2 Re8 8.
Qf3 d6 9. O-O-O c5 10. Nge2 cxd4 11. Nxd4 Bxc3 12. Bxc3 Nc6 13. Nxc6 bxc6 14. h4
Ne5 15. Qg3 Bg4 16. Bxe5 Rxe5 17. Qxg4 g6 18. h5 g5 19. h6 Qe7 20. Rdf1 Qe6 21.
Qxe6 fxe6 22. Rf6 Rf8 23. Rhf1 Rxf6 24. Rxf6 a5 25. Ba6 Rxe4 26. Bc8 1-0

[Event "Challenge"]
[Site "http://www.queenalice.com/game.php?id=1814062"]
[Date "2023.6.15"]
[Round "-"]
[White "jpribeiro"]
[Black "Rog3rJJ"]
[Result "1/2-1/2"]
[WhiteElo "2151"]
[BlackElo "2271"]

1. e4 c6 2. c4 d5 3. cxd5 cxd5 4. exd5 Nf6 5. Nc3 Nxd5 6. Nxd5 Qxd5 7. d4 g6 8.
Be3 Bg7 9. Nf3 O-O 10. Be2 Nc6 11. h3 Rd8 12. O-O Nxd4 13. Nxd4 Bxd4 14. Qxd4
Qxd4 15. Bxd4 Rxd4 16. Rad1 Rxd1 17. Rxd1 Be6 18. a3 Rc8 19. Bf3 b5 20. Be2 a6
21. a4 1/2-1/2

[Event "Challenge"]
[Site "http://www.queenalice.com/game.php?id=1814063"]
[Date "2023.6.15"]
[Round "-"]
[White "Rog3rJJ"]
[Black "jpribeiro"]
[Result "1-0"]
[WhiteElo "2264"]
[BlackElo "1948"]

1. e4 e5 2. f4 exf4 3. Nf3 g5 4. Bc4 g4 5. Ne5 Nh6 6. O-O d6 7. Nd3 Bg7 8. Nxf4
O-O 9. d4 Re8 10. Nh5 d5 11. Bxd5 c6 12. Nxg7 Kxg7 13. Qd2 cxd5 14. Qxh6+ 1-0

[Event "Challenge"]
[Site "http://www.queenalice.com/game.php?id=1814164"]
[Date "2023.6.17"]
[Round "-"]
[White "jpribeiro"]
[Black "Rog3rJJ"]
[Result "1-0"]
[WhiteElo "2038"]
[BlackElo "2287"]

1. e4 e6 2. d4 d5 3. e5 c5 4. c3 Nc6 5. Nf3 Qb6 6. a3 cxd4 7. cxd4 h5 8. Be2 h4
9. Nc3 Nge7 10. O-O Nf5 11. Na4 Qc7 12. b4 Bd7 13. h3 Ncxd4 14. Nxd4 Nxd4 15.
Nc5 Nxe2+ 16. Qxe2 Bxc5 17. bxc5 Qxc5 18. a4 Qc4 19. Qxc4 dxc4 20. Bb2 Bc6 21.
a5 Be4 22. Rfe1 Bd3 23. Kh2 Kd7 24. Rad1 1-0

[Event "Challenge"]
[Site "http://www.queenalice.com/game.php?id=1814165"]
[Date "2023.6.17"]
[Round "-"]
[White "Rog3rJJ"]
[Black "jpribeiro"]
[Result "1-0"]
[WhiteElo "2267"]
[BlackElo "2029"]

1. e4 e5 2. d4 exd4 3. c3 dxc3 4. Nxc3 Bc5 5. Bc4 Qh4 6. Qf3 Qf6 7. Nd5 Qd8 8.
Nb6 Qe7 9. Nxa8 b6 10. Nxc7+ Kf8 11. e5 Qxe5+ 12. Ne2 Nf6 13. Bf4 Qxb2 14. O-O
d6 15. Rfe1 Bg4 16. Qb7 Ke7 17. Nd5+ 1-0

[Event "Rog3rJJ"]
[Site "http://www.queenalice.com/game.php?id=1814738"]
[Date "2023.6.23"]
[Round "3"]
[White "attachui"]
[Black "Rog3rJJ"]
[Result "1-0"]
[WhiteElo "2077"]
[BlackElo "2268"]

1. d4 Nf6 2. c4 g6 3. Nc3 d5 4. cxd5 Nxd5 5. e4 Nxc3 6. bxc3 Bg7 7. Bb2 O-O 8.
Bc4 c5 9. Ne2 Qc7 10. d5 Rd8 11. O-O b5 12. Bxb5 Qb6 13. Qb3 Bb7 14. Rab1 Nd7
15. Bc1 Ba6 16. a4 Rab8 17. Bf4 Ne5 18. Bg3 Bc8 19. Qc2 Qa5 20. f4 Ng4 21. Rf3
Ba6 22. c4 Bxb5 23. Rxb5 Qc7 24. h3 Nh6 25. Qc1 a6 26. f5 1-0

[Event "Challenge"]
[Site "http://www.queenalice.com/game.php?id=1817853"]
[Date "2023.8.2"]
[Round "-"]
[White "jpribeiro"]
[Black "Rog3rJJ"]
[Result "1/2-1/2"]
[WhiteElo "1988"]
[BlackElo "2250"]

1. e4 d5 2. Nf3 dxe4 3. Ng5 f5 4. d3 Nf6 5. c4 e5 6. a3 h6 7. Nh3 Nc6 8. Be2 Be6
9. O-O Nd4 10. Bh5+ Bf7 11. Bxf7+ Kxf7 12. Nc3 c6 13. dxe4 f4 14. f3 a5 15. Ne2
Ne6 16. Qxd8 Rxd8 17. Rb1 1/2-1/2

[Event "Challenge"]
[Site "http://www.queenalice.com/game.php?id=1817854"]
[Date "2023.8.2"]
[Round "-"]
[White "Rog3rJJ"]
[Black "jpribeiro"]
[Result "1/2-1/2"]
[WhiteElo "2242"]
[BlackElo "1978"]

1. e4 e5 2. Nf3 Nf6 3. Nc3 d6 4. d4 exd4 5. Nxd4 c5 6. Nf3 Nc6 7. Bb5 Bd7 8. O-O
Be7 9. h3 h6 10. Bf4 Qc7 11. Bxc6 Bxc6 12. Re1 O-O 13. e5 dxe5 14. Bxe5 Qd7 15.
Qxd7 Nxd7 16. Bxg7 Kxg7 17. Rxe7 Rfe8 18. Rae1 Rxe7 19. Rxe7 Kf8 20. Re3 Re8
1/2-1/2

[Event "Challenge"]
[Site "http://www.queenalice.com/game.php?id=1821107"]
[Date "2023.9.19"]
[Round "-"]
[White "jpribeiro"]
[Black "Rog3rJJ"]
[Result "0-1"]
[WhiteElo "2092"]
[BlackElo "2207"]

1. e4 d6 2. d4 e5 3. dxe5 dxe5 4. Qxd8+ Kxd8 5. Bc4 f6 6. Be3 c6 7. Nd2 Bb4 8.
c3 Ba5 9. b4 Bb6 10. Bxb6+ axb6 11. O-O-O b5 12. Bxg8 Rxg8 13. Nb3+ Ke7 14. Ne2
Rxa2 15. Rd2 Rxd2 16. Nxd2 Be6 17. Kc2 h5 18. h3 Nd7 19. f4 Ra8 20. f5 Ra2+ 21.
Kc1 Bc4 22. Ng3 h4 23. Nxc4 hxg3 24. Nd2 Nb6 25. Rg1 Nc4 26. Rd1 Ne3 27. Rg1
Rc2+ 0-1

[Event "Challenge"]
[Site "http://www.queenalice.com/game.php?id=1821108"]
[Date "2023.9.19"]
[Round "-"]
[White "Rog3rJJ"]
[Black "jpribeiro"]
[Result "0-1"]
[WhiteElo "2214"]
[BlackElo "1987"]

1. d4 Nf6 2. c4 c5 3. d5 e6 4. Nc3 exd5 5. cxd5 d6 6. e4 Bg4 7. Qa4+ Bd7 8. Qc2
h6 9. Nf3 Bg4 10. Qa4+ Bd7 11. Qb3 Qc7 12. Bc4 a6 13. a4 Be7 14. a5 O-O 15. h3
Be8 16. Bf4 g5 17. Bd2 Kh7 0-1